书目信息 |
| 题名: |
海洋航运知多少
|
|
| 作者: | 李莹 主编 ;冯佳 插图 | |
| 分册: | ||
| 出版信息: | 北京 中国时代经济出版社 2011.01 |
|
| 页数: | 148页 | |
| 开本: | 21cm | |
| 丛书名: | ||
| 单 册: | ||
| 中图分类: | U6-49 | |
| 科图分类: | ||
| 主题词: | 海上运输 , 海上运输--普及读物 | |
| 电子资源: | ||
| ISBN: | 978-7-5119-0235-1 | |
| 000 | 00877nam0 2200277 450 | |
| 001 | 1236871265 | |
| 005 | 20120110121002.31 | |
| 010 | @a978-7-5119-0235-1@dCNY18.00 | |
| 090 | @aU6-49@bly | |
| 096 | @aU6@bly | |
| 100 | @a20110531d2011 em y0chiy50 ea | |
| 101 | 0 | @achi |
| 102 | @aCN@b110000 | |
| 105 | @aa z 000yy | |
| 200 | 1 | @a海洋航运知多少@b专著@f李莹主编@g冯佳插图@9hai yang hang yun zhi duo shao |
| 210 | @a北京@c中国时代经济出版社@d2011.01 | |
| 215 | @a148页@c图@d21cm | |
| 300 | @a海洋10000个为什么 | |
| 330 | @a本书主要内容包括:船舶历史面面观、航运知识大通关、航运业务全知道、中国航运史与今、世界航运奇趣谈等。 | |
| 606 | 0 | @a海上运输 |
| 606 | 0 | @a海上运输@j普及读物 |
| 690 | @aU6-49@v4 | |
| 701 | 0 | @a李莹@4主编@9li ying |
| 702 | 0 | @a冯佳@4插图@9feng jia |
| 801 | 0 | @aCN@b大连网信软件有限公司图书馆·11@c20120110 |
| 905 | @aZUCC@dU6-49@eL312 | |
| 海洋航运知多少/李莹主编/冯佳插图.-北京:中国时代经济出版社,2011.01 |
| 148页:图;21cm |
| 海洋10000个为什么 |
| ISBN 978-7-5119-0235-1:CNY18.00 |
| 本书主要内容包括:船舶历史面面观、航运知识大通关、航运业务全知道、中国航运史与今、世界航运奇趣谈等。 |
| ● |
| 相关链接 |
|
|
|
正题名:海洋航运知多少
索取号:U6-49/L312
 
预约/预借
| 序号 | 登录号 | 条形码 | 馆藏地/架位号 | 状态 | 备注 |
| 1 | 483396 | 204833966 | 自科库501/501自科库 58排7列4层/ [索取号:U6-49/L312] | 在馆 | |
| 2 | 483397 | 204833975 | 自科库501/501自科库 58排7列4层/ [索取号:U6-49/L312] | 在馆 |